気象庁の一次細分区域 - Statistics

General Stats
  • This quiz has been taken 1,162 times
  • The average score is 78 of 142
Answers on the Map
Answers color-coded by a green-red scale on the quiz's map according to % correct below.
 
Answer Stats
府県予報区 一次細分区域 % Correct
岐阜県 飛騨地方ひだちほう
84%
東京都 東京地方とうきょうちほう
81%
釧路・根室・十勝地方 根室地方ねむろちほう
80%
釧路・根室・十勝地方 釧路地方くしろちほう
80%
石川県 能登のと
79%
石狩・空知・後志地方 石狩地方いしかりちほう
77%
石川県 加賀かが
77%
島根県 隠岐おき
77%
釧路・根室・十勝地方 十勝地方とかちちほう
76%
新潟県 佐渡さど
75%
静岡県 伊豆いず
75%
胆振・日高地方 日高地方ひだかちほう
73%
網走・北見・紋別地方 網走地方あばしりちほう
71%
福島県 浜通はまどお
71%
福島県 会津あいづ
71%
新潟県 上越じょうえつ
71%
宗谷地方 宗谷地方そうやちほう
70%
網走・北見・紋別地方 北見地方きたみちほう
70%
福島県 中通なかどお
70%
大分県 | 宮城県 | 富山県 | +6 others 西部せいぶ
68%
京都府 | 佐賀県 | 兵庫県 | +14 others 北部ほくぶ
68%
三重県 | 京都府 | 佐賀県 | +15 others 南部なんぶ
68%
青森県 津軽つがる
67%
宮城県 | 富山県 | 山口県 | +6 others 東部とうぶ
67%
新潟県 中越ちゅうえつ
66%
鹿児島県 薩摩地方さつまちほう
64%
新潟県 下越かえつ
63%
青森県 下北しもきた
62%
鹿児島県 大隅地方おおすみちほう
62%
渡島・檜山地方 渡島地方おしまちほう
61%
大分県 | 山口県 | 長野県 | +2 others 中部ちゅうぶ
60%
岐阜県 美濃地方みのちほう
60%
鹿児島県 奄美地方あまみちほう
60%
上川・留萌地方 留萌地方るもいちほう
59%
長崎県 五島ごとう
57%
熊本県 球磨地方くまちほう
57%
胆振・日高地方 胆振地方いぶりちほう
56%
山形県 庄内しょうない
56%
上川・留萌地方 上川地方かみかわちほう
55%
埼玉県 秩父地方ちちぶちほう
54%
福岡県 福岡地方ふくおかちほう
53%
福岡県 北九州地方きたきゅうしゅうちほう
51%
熊本県 熊本地方くまもとちほう
51%
石狩・空知・後志地方 後志地方しりべしちほう
50%
網走・北見・紋別地方 紋別地方もんべつちほう
49%
石狩・空知・後志地方 空知地方そらちちほう
49%
熊本県 阿蘇地方あそちほう
48%
福井県 嶺北れいほく
44%
福井県 嶺南れいなん
44%
渡島・檜山地方 檜山地方ひやまちほう
43%
岩手県 | 秋田県 内陸ないりく
41%
山形県 置賜おきたま
40%
福岡県 筑豊地方ちくほうちほう
40%
福岡県 筑後地方ちくごちほう
40%
秋田県 沿岸えんがん
39%
千葉県 北西部ほくせいぶ
39%
大阪府 大阪府おおさかふ
39%
千葉県 北東部ほくとうぶ
38%
愛媛県 東予とうよ
37%
東京都 小笠原諸島おがさわらしょとう
36%
香川県 香川県かがわけん
35%
愛媛県 中予ちゅうよ
34%
山形県 最上もがみ
32%
愛媛県 南予なんよ
32%
宮古島地方 宮古島地方みやこじまちほう
32%
八重山地方 石垣島地方いしがきじまちほう
32%
長崎県 壱岐いき対馬つしま
32%
青森県 三八上北さんぱちかみきた
31%
岩手県 沿岸北部えんがんほくぶ
28%
山形県 村山むらやま
28%
岩手県 沿岸南部えんがんなんぶ
27%
大東島地方 大東島地方だいとうじまちほう
21%
八重山地方 与那国島地方よなぐにじまちほう
21%
山梨県 | 鳥取県 ちゅう西部せいぶ
21%
鹿児島県 種子島たねがしま屋久島地方やくしまちほう
21%
三重県 北中部ほくちゅうぶ
17%
東京都 伊豆諸島北部いずしょとうほくぶ
14%
東京都 伊豆諸島南部いずしょとうなんぶ
14%
宮崎県 南部山沿なんぶやまぞ
14%
宮崎県 北部山沿ほくぶやまぞ
14%
沖縄本島地方 本島北部ほんとうほくぶ
14%
熊本県 天草あまくさ芦北地方あしきたちほう
13%
山梨県 東部とうぶ富士五湖ふじごこ
12%
宮崎県 南部平野部なんぶへいやぶ
11%
宮崎県 北部平野部ほくぶへいやぶ
11%
沖縄本島地方 久米島くめじま
11%
沖縄本島地方 本島中南部ほんとうちゅうなんぶ
8%
No matching quizzes found
Score Distribution
Percent of People with Each Score
Percentile by Number Answered
Your Score History
You have not taken this quiz